[Event "Guernsey op 46th"]
[Site "St James"]
[Date "2022.10.19"]
[Round "4"]
[White "Boudkeev, Timour"]
[Black "Collins, Alan"]
[Result "1-0"]
[WhiteElo "1839"]
[BlackElo "1606"]
[PlyCount "57"]
[EventDate "2022.10.16"]
[EventType "swiss"]
[EventRounds "7"]
[EventCountry "GCI"]
[SourceTitle "EXT 2024"]
[Source "ChessBase"]
[SourceDate "2023.10.10"]
[SourceVersion "1"]
[SourceVersionDate "2023.10.10"]
[SourceQuality "1"]

1. d4 d6 2. c4 e5 3. d5 f5 4. Nf3 Nf6 5. Nc3 Be7 6. e3 0-0 7. Be2 c6 8. 0-0 Na6 9. b3 Nc7 10. dxc6 bxc6 11. Bb2 Nfe8 12. Qc2 Bf6 13. Rad1 Ne6 14. Qxf5 Qa5 15. Qb1 Nc5 16. Nd2 Be6 17. Nde4 Nxe4 18. Nxe4 d5 19. Bc3 Qc7 20. Nxf6+ gxf6 21. f4 Ng7 22. fxe5 fxe5 23. Qb2 e4 24. Be5 Qb7 25. Bd6 Rxf1+ 26. Rxf1 Nf5 27. Qf6 Qf7 28. Qxf7+ Kxf7 29. g4 1-0

[Event "Torquay Morning Thynne op"]
[Site "Torquay"]
[Date "2019.09.06"]
[Round "5"]
[White "Collins, Alan"]
[Black "Constable, Christine F"]
[Result "0-1"]
[WhiteElo "1670"]
[BlackElo "1470"]
[PlyCount "138"]
[EventDate "2019.09.02"]
[EventType "swiss"]
[EventRounds "5"]
[EventCountry "ENG"]
[SourceTitle "CBM 195 Extra"]
[Source "ChessBase"]
[SourceDate "2020.05.31"]
[SourceVersion "1"]
[SourceVersionDate "2020.05.31"]
[SourceQuality "1"]

1. f4 Nf6 2. Nf3 d6 3. d3 g6 4. g3 Bg7 5. Bg2 0-0 6. e4 c5 7. Na3 Nc6 8. c3 Rb8 9. Nc2 Bd7 10. 0-0 b5 11. Qe1 Qc8 12. Bd2 Bh3 13. Rd1 Qg4 14. Ne3 Qh5 15. Bxh3 Qxh3 16. Ng5 Qc8 17. Nf3 c4 18. Qe2 a6 19. Nc2 Re8 20. d4 e6 21. e5 dxe5 22. fxe5 Nd5 23. Ng5 f6 24. Ne4 fxe5 25. Nd6 Qc7 26. Nxe8 Rxe8 27. dxe5 Nxe5 28. Bf4 Qc5+ 29. Qf2 Qe7 30. Bxe5 Bxe5 31. Qe2 Bd6 32. Rf3 Bc5+ 33. Kg2 Qb7 34. Rdf1 Qc6 35. a3 Bb6 36. Kh3 Qc8 37. Kg2 Qa8 38. h3 Qc6 39. Kh2 Bc5 40. Nb4 Qd6 41. Nxd5 Qxd5 42. Rd1 Qc6 43. Rf6 Kg7 44. Rdf1 Qd6 45. Rf7+ Kg8 46. R7f3 h5 47. h4 e5 48. Rd1 Qe7 49. Qe4 Kg7 50. Rdf1 Qd6 51. Rf7+ Kh6 52. R7f6 Qd2+ 53. Kh1 Rg8 54. Qxe5 Be3 55. R6f3 Ba7 56. Qf4+ Qxf4 57. Rxf4 Re8 58. Rf6 Re2 59. Rxa6 Bf2 60. Rd1 Bxg3 61. Rd7 Rh2+ 62. Kg1 Rxh4 63. Ra5 Rh2 64. Rxb5 Rc2 65. Rbb7 h4 66. Rh7+ Kg5 67. Rb5+ Kg4 68. Rg7 Kf3 69. Rxg6 Rc1# 0-1

[Event "Guernsey Holiday op 43rd"]
[Site "Guernsey"]
[Date "2017.10.16"]
[Round "2"]
[White "Dennis, Nigel W"]
[Black "Collins, Alan"]
[Result "1-0"]
[WhiteElo "1785"]
[BlackElo "1700"]
[PlyCount "39"]
[EventDate "2017.10.15"]
[EventType "swiss"]
[EventRounds "7"]
[EventCountry "GCI"]
[SourceTitle "EXT 2020"]
[Source "ChessBase"]
[SourceDate "2019.10.17"]
[SourceVersion "1"]
[SourceVersionDate "2019.10.17"]
[SourceQuality "1"]

1. e4 d6 2. c4 Nf6 3. Nc3 e5 4. Nf3 Bg4 5. Be2 Bxf3 6. Bxf3 Nc6 7. d3 Be7 8. Be3 Nd4 9. 0-0 0-0 10. b4 a5 11. b5 Nxf3+ 12. Qxf3 b6 13. a4 Qd7 14. Nd5 Nxd5 15. cxd5 Rae8 16. Rac1 f5 17. exf5 Rxf5 18. Rxc7 Qxc7 19. Qxf5 Qc2 20. Qe4 1-0

[Event "Bad Woerishofen Seniors op 32nd"]
[Site "Bad Woerishofen"]
[Date "2016.03.01"]
[Round "5"]
[White "Collins, Alan"]
[Black "Reimann, Guenther"]
[Result "1/2-1/2"]
[WhiteElo "1753"]
[BlackElo "1941"]
[PlyCount "73"]
[EventDate "2016.02.26"]
[EventType "swiss"]
[EventRounds "9"]
[EventCountry "GER"]
[SourceTitle "EXT 2019"]
[Source "ChessBase"]
[SourceDate "2018.10.10"]
[SourceVersion "1"]
[SourceVersionDate "2018.10.10"]
[SourceQuality "1"]

1. c4 e6 2. Nc3 f5 3. g3 Nf6 4. Bg2 c6 5. e3 e5 6. Nge2 d6 7. b4 Qc7 8. a3 Be6 9. d3 Be7 10. 0-0 0-0 11. Bb2 Nbd7 12. Rc1 Rae8 13. Nb1 Bf7 14. Qa4 a6 15. Qc2 Bg6 16. Qb3 Kh8 17. Nd2 Bf7 18. Qc2 Bh5 19. Nc3 Bg6 20. f3 Bd8 21. Rce1 Qb8 22. f4 exf4 23. exf4 Qa7+ 24. Kh1 Ng4 25. Nd1 Rxe1 26. Rxe1 Nf2+ 27. Nxf2 Qxf2 28. Qc1 Bf6 29. Bxf6 Nxf6 30. Nf3 Bh5 31. Rf1 Qb6 32. h3 Re8 33. c5 dxc5 34. Qxc5 Qxc5 35. bxc5 Nd5 36. Ne5 Ne3 37. Rb1 1/2-1/2

[Event "Bad Woerishofen Seniors op 32nd"]
[Site "Bad Woerishofen"]
[Date "2016.02.27"]
[Round "2"]
[White "Schulz, Franz"]
[Black "Collins, Alan"]
[Result "1/2-1/2"]
[WhiteElo "1643"]
[BlackElo "1753"]
[PlyCount "31"]
[EventDate "2016.02.26"]
[EventType "swiss"]
[EventRounds "9"]
[EventCountry "GER"]
[SourceTitle "EXT 2019"]
[Source "ChessBase"]
[SourceDate "2018.10.10"]
[SourceVersion "1"]
[SourceVersionDate "2018.10.10"]
[SourceQuality "1"]

1. b4 e5 2. a3 d6 3. Bb2 f5 4. e3 Nf6 5. d3 Be7 6. Be2 Be6 7. c4 Nbd7 8. Nd2 0-0 9. Ngf3 Ne8 10. 0-0 g5 11. h3 Ng7 12. Nh2 c6 13. Rc1 a5 14. b5 Bf6 15. a4 c5 16. Bf3 1/2-1/2

[Event "Guernsey Holiday op 41st"]
[Site "Guernsey"]
[Date "2015.10.22"]
[Round "5"]
[White "Collins, Alan"]
[Black "Savident, David B"]
[Result "0-1"]
[WhiteElo "1753"]
[BlackElo "1704"]
[PlyCount "78"]
[EventDate "2015.10.18"]
[EventType "swiss"]
[EventRounds "7"]
[EventCountry "GCI"]
[SourceTitle "EXT 2022"]
[Source "ChessBase"]
[SourceDate "2021.10.06"]
[SourceVersion "1"]
[SourceVersionDate "2021.10.06"]
[SourceQuality "1"]

1. d4 Nf6 2. Nf3 g6 3. Bf4 Bg7 4. e3 0-0 5. c4 d6 6. Nc3 b6 7. Be2 Bb7 8. Rc1 Nbd7 9. 0-0 Nh5 10. Bg3 Nxg3 11. hxg3 c5 12. d5 Ne5 13. Re1 Nxf3+ 14. Bxf3 Bc8 15. Qd2 Bd7 16. b3 a6 17. Ne2 b5 18. Nf4 b4 19. Qe2 a5 20. Nd3 a4 21. e4 axb3 22. axb3 Bc3 23. Red1 Ra3 24. Rb1 f6 25. Bg4 Qc8 26. Bxd7 Qxd7 27. f4 Rfa8 28. Nc1 Kg7 29. Kh2 h5 30. Rf1 Qg4 31. Rf3 Rh8 32. Kg1 Bd4+ 33. Kf1 h4 34. Qd3 h3 35. gxh3 Qxh3+ 36. Ke1 Qg2 37. Rf1 Rh2 38. Ne2 Ra2 39. Nxd4 cxd4 0-1

[Event "Guernsey Holiday op 41st"]
[Site "Guernsey"]
[Date "2015.10.19"]
[Round "2"]
[White "Collins, Alan"]
[Black "Nalichowski, Bogdan"]
[Result "1-0"]
[WhiteElo "1753"]
[BlackElo "1386"]
[PlyCount "165"]
[EventDate "2015.10.18"]
[EventType "swiss"]
[EventRounds "7"]
[EventCountry "GCI"]
[SourceTitle "EXT 2022"]
[Source "ChessBase"]
[SourceDate "2021.10.06"]
[SourceVersion "1"]
[SourceVersionDate "2021.10.06"]
[SourceQuality "1"]

1. c4 e5 2. Nc3 Nf6 3. g3 Bc5 4. Bg2 Nc6 5. d3 h6 6. Nf3 d6 7. 0-0 0-0 8. a3 a6 9. b4 Ba7 10. Rb1 Ne7 11. a4 Bd7 12. Nd2 Rb8 13. Ba3 Ng4 14. h3 Nf6 15. b5 a5 16. Nb3 b6 17. Bc1 Rc8 18. Be3 c5 19. bxc6 Nxc6 20. Nb5 Bb8 21. Nd2 Nb4 22. Kh2 Bxb5 23. cxb5 d5 24. Nf3 d4 25. Bd2 Nbd5 26. Rc1 Qe7 27. Qb3 Bd6 28. Nh4 Qe6 29. Nf3 Bc5 30. Rc4 Rc7 31. Rfc1 Rfc8 32. Ne1 e4 33. dxe4 Nxe4 34. Bxe4 Qxe4 35. Qf3 Qe6 36. Nd3 Ba3 37. Rxc7 Rxc7 38. Rxc7 Nxc7 39. Nf4 Qa2 40. Qc6 Qxd2 41. Qxc7 Bc5 42. Qc8+ Kh7 43. Qf5+ Kg8 44. Qc8+ Kh7 45. Qf5+ Kg8 46. Qc8+ Bf8 47. Qc4 Qb4 48. Qc2 Qc3 49. Qd1 Bc5 50. Kg2 Bb4 51. Nd3 Qd2 52. Qxd2 Bxd2 53. Kf3 f6 54. Ke4 Bc3 55. Kd5 Kf7 56. Kc6 Ke7 57. Kxb6 Kd7 58. Ka7 Bb4 59. b6 Bd6 60. b7 Kc6 61. b8Q Bxb8+ 62. Kxb8 Kb6 63. Kc8 Kc6 64. Kd8 Kd6 65. Ke8 Ke6 66. Nc5+ Kd5 67. Nb7 Kc6 68. Nxa5+ Kc5 69. Nb3+ Kc4 70. a5 Kxb3 71. a6 Kc3 72. a7 Kd2 73. a8Q Kxe2 74. Qe4+ Kxf2 75. Qxd4+ Kxg3 76. Qg4+ Kh2 77. Kf7 g5 78. Kxf6 Kh1 79. Kg6 h5 80. Kxh5 Kh2 81. Kxg5 Kh1 82. h4 Kh2 83. h5 1-0

[Event "Olomouc Seniors op 18th"]
[Site "Olomouc"]
[Date "2015.08.15"]
[Round "1"]
[White "Kolmas, Oldrich"]
[Black "Collins, Alan"]
[Result "1/2-1/2"]
[WhiteElo "1949"]
[BlackElo "1708"]
[PlyCount "47"]
[EventDate "2015.08.15"]
[EventType "swiss"]
[EventRounds "9"]
[EventCountry "CZE"]
[SourceTitle "EXT 2016"]
[Source "ChessBase"]
[SourceDate "2015.10.08"]
[SourceVersion "1"]
[SourceVersionDate "2015.10.08"]
[SourceQuality "1"]

1. e4 d6 2. d4 Nf6 3. Nc3 c6 4. Nf3 Bg4 5. Be2 e6 6. 0-0 Be7 7. h3 Bxf3 8. Bxf3 d5 9. e5 Nfd7 10. Be2 c5 11. Be3 cxd4 12. Bxd4 Nc6 13. a3 Nxd4 14. Qxd4 0-0 15. Kh1 Qb6 16. Qxb6 Nxb6 17. f4 g6 18. Bd3 a6 19. Ne2 Nd7 20. b4 Rfc8 21. Rac1 a5 22. Rb1 axb4 23. axb4 Nb6 24. b5 1/2-1/2

[Event "Guernsey Holiday op 39th"]
[Site "Guernsey"]
[Date "2013.10.20"]
[Round "1"]
[White "Collins, Alan"]
[Black "Harnden, Terry"]
[Result "1/2-1/2"]
[WhiteElo "1720"]
[BlackElo "1527"]
[PlyCount "40"]
[EventDate "2013.10.20"]
[EventType "swiss"]
[EventRounds "7"]
[EventCountry "GCI"]
[SourceTitle "EXT 2022"]
[Source "ChessBase"]
[SourceDate "2021.10.06"]
[SourceVersion "1"]
[SourceVersionDate "2021.10.06"]
[SourceQuality "1"]

1. d4 Nf6 2. Nf3 e6 3. Bf4 d5 4. e3 c5 5. c3 Nc6 6. Bd3 c4 7. Bc2 Be7 8. h3 0-0 9. Nbd2 b5 10. 0-0 a5 11. a3 Bd7 12. e4 dxe4 13. Nxe4 Nd5 14. Bd2 f5 15. Ng3 Be8 16. Ne5 Nxe5 17. dxe5 Bg5 18. Bxg5 Qxg5 19. Re1 Rd8 20. Qf3 Qf4 1/2-1/2

[Event "Politiken Cup 35th"]
[Site "Helsingor"]
[Date "2013.07.28"]
[Round "2"]
[White "Collins, Alan"]
[Black "Greeuw, Sietske"]
[Result "0-1"]
[WhiteElo "1740"]
[BlackElo "1971"]
[PlyCount "54"]
[EventDate "2013.07.27"]
[EventType "swiss"]
[EventRounds "10"]
[EventCountry "DEN"]
[SourceTitle "CBM 155 Extra"]
[Source "ChessBase"]
[SourceDate "2013.08.26"]
[SourceVersion "1"]
[SourceVersionDate "2013.08.26"]
[SourceQuality "1"]

1. d4 Nf6 2. Nf3 c5 3. c3 cxd4 4. cxd4 g6 5. Bf4 d6 6. e3 Bg7 7. Be2 0-0 8. 0-0 Qb6 9. b3 Bf5 10. Nc3 Nc6 11. Nh4 Bd7 12. Rc1 Rac8 13. h3 Qa5 14. Nf3 e5 15. dxe5 dxe5 16. Bh2 Rfd8 17. e4 Bxh3 18. Qc2 Be6 19. Qb2 Nd4 20. Nxd4 exd4 21. Nd5 Nxd5 22. Rxc8 Bxc8 23. Qc2 Nc3 24. Bc4 Be6 25. Bxe6 fxe6 26. Qd3 Qa6 27. Qh3 Ne2+ 0-1

[Event "Hradec Kralove op"]
[Site "Hradec Kralove"]
[Date "2013.05.18"]
[Round "5"]
[White "Vacek, Jaroslav"]
[Black "Collins, Alan"]
[Result "1/2-1/2"]
[WhiteElo "1693"]
[BlackElo "1762"]
[PlyCount "44"]
[EventDate "2013.05.15"]
[EventType "swiss"]
[EventRounds "9"]
[EventCountry "CZE"]
[SourceTitle "CBM 154 Extra"]
[Source "ChessBase"]
[SourceDate "2013.06.25"]
[SourceVersion "2"]
[SourceVersionDate "2013.06.25"]
[SourceQuality "1"]

1. e4 d6 2. d4 Nf6 3. Nc3 c6 4. Be2 Qa5 5. Bd2 Qb6 6. Bc1 e6 7. Nf3 d5 8. exd5 exd5 9. Na4 Qd8 10. 0-0 Be7 11. Nc3 h6 12. Be3 Bf5 13. Bd3 Bxd3 14. Qxd3 Nbd7 15. Rfe1 0-0 16. a3 Re8 17. Re2 Bd6 18. Rae1 Qc7 19. g3 b5 20. Nh4 Nf8 21. Nf5 Ne6 22. Nxd6 Qxd6 1/2-1/2